| 000 | 00000nam 2200000za 4500 |
| 001 | 9.841036 |
| 003 | CaOODSP |
| 005 | 20221107152005 |
| 007 | cr ||||||||||| |
| 008 | 170803q2002 onca o f000 0 fre d |
| 040 | |aCaOODSP|bfre |
| 043 | |an-cn--- |
| 086 | 1 |aHP40-186/2002F-PDF |
| 245 | 00|aActualités |h[ressource électronique] : |bSystème de surveillance de la MCJ. |
| 260 | |a[Ottawa] : |bSanté Canada, Système de surveillance de la maladie de Creutzfeldt-Jakob au Canada, |c[2002] |
| 300 | |a2 p. : |bfigs. |
| 500 | |aPubl. aussi en anglais sous le titre : Current information: CJD Surveillance System. |
| 520 | |a« Le Système de surveillance de la MCJ (SS-MCJ) a été lancé en avril 1998 lorsqu’une trousse d’information concernant notre projet a été expédiée à tous les médecins susceptibles d’intervenir auprès de cas diagnostiqués de MCJ. ... »--p. [1] |
| 692 | 07|2gccst|aMaladie infectieuse |
| 710 | 2 |aSystème de surveillance de la maladie de Creutzfeldt-Jakob. |
| 710 | 1 |aCanada. |bSanté Canada. |
| 775 | 08|tCurrent information |w(CaOODSP)9.841033 |
| 856 | 40|qPDF|s109 Ko|uhttps://publications.gc.ca/collections/collection_2017/aspc-phac/HP40-186-2002-fra.pdf |